| 000 | 00379nam a2200157Ia 4500 | ||
|---|---|---|---|
| 008 | 230917s9999||||xx |||||||||||||| ||und|| | ||
| 040 |
_e80711 _aMAIN |
||
| 041 | _aEnglish | ||
| 082 | _a346.03 W726T | ||
| 100 | _aWinfield | ||
| 245 | 0 | _aWinfield and jolowicz on tort | |
| 250 | _a11th ed. | ||
| 260 |
_aLondon _bSweet & Maxwell _c1979 |
||
| 300 | _aix, 718 p. | ||
| 942 | _cBK | ||
| 999 |
_c222269 _d222269 |
||